[Event "Amager Aabne Klubmesterskab G2 2015"]
[Site "Sundbyoster"]
[Date "2015.01.20"]
[Round "1"]
[White "Pedersen, Ole"]
[Black "Pedersen, Kim Michael"]
[Result "0-1"]
[WhiteElo "1443"]
[BlackElo "1715"]
[PlyCount "64"]
[EventDate "2015.??.??"]

1. d4 d5 2. Nf3 Nf6 3. e3 g6 4. c4 dxc4 5. Bxc4 Bg7 6. O-O O-O 7. Nc3 Bg4 8.
Qb3 Bxf3 9. gxf3 Qc8 10. e4 Nc6 11. Be3 Na5 12. Qb4 Nxc4 13. Qxc4 Qh3 14. Qxc7
Qxf3 15. Qg3 Qh5 16. Qg5 Qh3 17. Qg3 Qd7 18. d5 Nh5 19. Qg2 f5 20. Qh3 Rfc8 21.
Rac1 Rc4 22. Bd2 Bxc3 23. Bxc3 Rxe4 24. Rcd1 Qd6 25. f3 Re3 26. Rf2 Qa6 27. Qh4
f4 28. Rg2 Ng7 29. Qh6 Rf8 30. Rg4 Rxf3 31. Rh4 Nf5 32. Qg5 Nxh4 0-1

[Event "Amager Aabne Klubmesterskab G2 2015"]
[Site "Sundbyoster"]
[Date "2015.01.20"]
[Round "1"]
[White "Mielow, Bjarne"]
[Black "Petersen, Christian Skibsted"]
[Result "1-0"]
[WhiteElo "1487"]
[BlackElo "1685"]
[PlyCount "61"]
[EventDate "2015.??.??"]

1. Nf3 d5 2. g3 Nf6 3. d3 Bf5 4. Bg2 e6 5. Nbd2 Bc5 6. e3 O-O 7. O-O Nbd7 8. b3
c6 9. Bb2 Bb6 10. Qe2 Qc7 11. c4 Nc5 12. Ne1 Ba5 13. Ba3 Bb6 14. b4 Na4 15. Qd1
a5 16. Qxa4 axb4 17. Qxb4 Ba5 18. Qb2 Bxd2 19. Bxf8 Qa5 20. Rb1 Kxf8 21. Qxb7
dxc4 22. Bxc6 Rd8 23. Nf3 Bc3 24. e4 Bg6 25. dxc4 Qxa2 26. Rfc1 Qxc4 27. Rb3
Nxe4 28. Ne5 Qxb3 29. Qxb3 Bxe5 30. Re1 Nc5 31. Qb6 1-0

[Event "Amager Aabne Klubmesterskab G2 2015"]
[Site "Sundbyoster"]
[Date "2015.01.20"]
[Round "1"]
[White "Kibenich, Michael"]
[Black "Sorensen, Ole"]
[Result "1/2-1/2"]
[WhiteElo "1478"]
[BlackElo "1711"]
[PlyCount "57"]
[EventDate "2015.??.??"]

1. d4 d5 2. c4 c6 3. Nf3 Nf6 4. Bf4 e6 5. e3 Be7 6. Nc3 O-O 7. Bd3 Nbd7 8. O-O
dxc4 9. Bxc4 b5 10. Bd3 Bb7 11. Rc1 a6 12. a3 c5 13. dxc5 Nxc5 14. Bb1 Rc8 15.
Ne2 Qb6 16. b4 Nce4 17. Qd4 Qxd4 18. Nexd4 Nc3 19. Be5 Bxf3 20. gxf3 Nxb1 21.
Rxb1 Nd7 22. Bg3 Bf6 23. Rfd1 Nb6 24. Nb3 Nd5 25. Rd3 Nc3 26. Rb2 Ne4 27. Ra2
Nc3 28. Rb2 Ne4 29. Ra2 1/2-1/2

[Event "Amager Aabne Klubmesterskab G2 2015"]
[Site "Sundbyoster"]
[Date "2015.02.03"]
[Round "2"]
[White "Sorensen, Ole"]
[Black "Pedersen, Ole"]
[Result "1-0"]
[WhiteElo "1711"]
[BlackElo "1443"]
[PlyCount "51"]
[EventDate "2015.??.??"]

1. d4 e6 2. c4 f5 3. Nf3 Nf6 4. g3 Be7 5. Bg2 O-O 6. Nc3 d6 7. O-O a5 8. Nd2
Qe8 9. e4 e5 10. exf5 exd4 11. Nb5 Na6 12. Nxd4 c5 13. Ne6 Bxe6 14. fxe6 Rb8
15. a3 b5 16. b3 Nc7 17. Re1 Qg6 18. Bb2 Ng4 19. Be4 Qh5 20. Nf1 Rxf2 21. Re2
Rbf8 22. Qc2 Rxf1+ 23. Rxf1 Rxf1+ 24. Kxf1 Qh3+ 25. Kg1 Nxe6 26. Bd5 1-0

[Event "Amager Aabne Klubmesterskab G2 2015"]
[Site "Sundbyoster"]
[Date "2015.02.03"]
[Round "2"]
[White "Petersen, Christian Skibsted"]
[Black "Kibenich, Michael"]
[Result "1-0"]
[WhiteElo "1685"]
[BlackElo "1478"]
[PlyCount "69"]
[EventDate "2015.??.??"]

1. d4 d5 2. c4 c6 3. Nf3 Nf6 4. Nc3 e6 5. Bf4 Be7 6. e3 O-O 7. Bd3 dxc4 8. Bxc4
Nbd7 9. O-O b5 10. Bd3 Bb7 11. a3 a6 12. b4 a5 13. Qb3 Nb6 14. e4 Qd7 15. Rfd1
Ra7 16. d5 Nc4 17. d6 Bd8 18. Bxc4 bxc4 19. Qxc4 axb4 20. axb4 Rxa1 21. Rxa1
Bb6 22. h3 Rc8 23. Nd2 Qe8 24. Nb3 Nd7 25. Nc5 Rb8 26. e5 Qd8 27. Nxb7 Rxb7 28.
Qxc6 Qb8 29. Kf1 Bd4 30. Rc1 Nxe5 31. Bxe5 Bxe5 32. Nb5 g6 33. d7 Rxb5 34. Qc8+
Qxc8 35. dxc8=Q+ 1-0

[Event "Amager Aabne Klubmesterskab G2 2015"]
[Site "Sundbyoster"]
[Date "2015.02.24"]
[Round "3"]
[White "Pedersen, Kim Michael"]
[Black "Sorensen, Ole"]
[Result "1-0"]
[WhiteElo "1715"]
[BlackElo "1711"]
[PlyCount "57"]
[EventDate "2015.??.??"]

1. d4 d5 2. Nf3 Nf6 3. Bf4 Bf5 4. e3 e6 5. Nbd2 c5 6. c3 Nc6 7. Be2 Bd6 8. Ne5
O-O 9. O-O Rc8 10. Ndf3 h6 11. Bd3 Ne4 12. Nxc6 bxc6 13. Ne5 c4 14. Bc2 f6 15.
Nf3 Bxf4 16. exf4 Qc7 17. Qc1 c5 18. dxc5 Qxc5 19. Nd4 Bh7 20. Nxe6 Qb6 21.
Nxf8 Kxf8 22. Bxe4 Bxe4 23. a4 Rb8 24. Ra2 Qb3 25. Qa1 a5 26. Rd1 Kf7 27. Rd2
Qxc3 28. bxc3 Rb1+ 29. Qxb1 1-0

[Event "Amager Aabne Klubmesterskab G2 2015"]
[Site "Sundbyoster"]
[Date "2015.02.24"]
[Round "3"]
[White "Pedersen, Ole"]
[Black "Petersen, Christian Skibsted"]
[Result "0-1"]
[WhiteElo "1443"]
[BlackElo "1685"]
[PlyCount "45"]
[EventDate "2015.??.??"]

1. d4 e6 2. Nf3 Nf6 3. e3 c5 4. Bd3 Nc6 5. b3 b6 6. O-O Bb7 7. Bb2 d5 8. Nbd2
Bd6 9. Ne5 cxd4 10. exd4 Qc7 11. f4 Nd7 12. Qh5 Nf6 13. Qg5 Rg8 14. Rac1 h6 15.
Qh4 Be7 16. Qh3 O-O-O 17. Nxf7 Rdf8 18. Qxe6+ Kb8 19. Ne5 Nxe5 20. Qxe5 Bd6 21.
Qe2 Bxf4 22. h3 Re8 23. Qf2 0-1

[Event "Amager Aabne Klubmesterskab G2 2015"]
[Site "Sundbyoster"]
[Date "2015.02.24"]
[Round "3"]
[White "Kibenich, Michael"]
[Black "Pedersen, Thorben Landstrom"]
[Result "1-0"]
[WhiteElo "1478"]
[BlackElo "1504"]
[PlyCount "69"]
[EventDate "2015.??.??"]

1. d4 d5 2. Nf3 e6 3. c4 c5 4. Nc3 cxd4 5. Qxd4 Nc6 6. Qd1 d4 7. Nb5 e5 8. g3
a6 9. Na3 Bg4 10. Bg2 Be7 11. O-O e4 12. Ne1 Nf6 13. Bf4 Qc8 14. Rc1 Bh3 15.
Nac2 Qd7 16. a3 Bxg2 17. Kxg2 a5 18. b4 axb4 19. axb4 Bxb4 20. Nxb4 Nxb4 21.
Qb3 Na6 22. Qa3 Nc7 23. Qb4 Ne6 24. Be5 Ng4 25. Bd6 f6 26. c5 Rd8 27. Nc2 Nxc5
28. Bxc5 d3 29. exd3 Qxd3 30. Ne3 Ne5 31. Rfd1 Qe2 32. Rxd8+ Kxd8 33. Bb6+ Kd7
34. Rc7+ Ke6 35. Qe7# 1-0

[Event "Amager Aabne Klubmesterskab G2 2015"]
[Site "Sundbyoster"]
[Date "2015.03.03"]
[Round "4"]
[White "Petersen, Christian Skibsted"]
[Black "Pedersen, Kim Michael"]
[Result "1-0"]
[WhiteElo "1685"]
[BlackElo "1715"]
[PlyCount "85"]
[EventDate "2015.??.??"]

1. d4 d5 2. Nf3 Nf6 3. g3 g6 4. Bg2 Bg7 5. c4 O-O 6. Qc2 c6 7. O-O Bf5 8. Qb3
Qc8 9. Re1 dxc4 10. Qxc4 Nbd7 11. b4 Nb6 12. Qb3 Be6 13. Qc2 Nbd5 14. a3 a5 15.
bxa5 Rxa5 16. Bd2 Ra8 17. e4 Nb6 18. Qc5 Nfd7 19. Qxe7 Ra4 20. Bb4 Nc4 21. Qg5
Re8 22. Nbd2 Nxd2 23. Qxd2 Nb6 24. Qc2 Qa8 25. Bf1 Bg4 26. Ne5 Bxe5 27. dxe5
Rxe5 28. Bc3 Re6 29. Qb2 Nd7 30. h3 Bf3 31. Bd3 Bxe4 32. Bxe4 Raxe4 33. Rxe4
Rxe4 34. Rd1 Nf8 35. Bb4 b5 36. Qf6 Re6 37. Rd8 Rxf6 38. Rxa8 Rf5 39. Bxf8 h5
40. g4 hxg4 41. hxg4 Rd5 42. g5 Kh7 43. Be7 1-0

[Event "Amager Aabne Klubmesterskab G2 2015"]
[Site "Sundbyoster"]
[Date "2015.03.03"]
[Round "4"]
[White "Mielow, Bjarne"]
[Black "Kibenich, Michael"]
[Result "1/2-1/2"]
[WhiteElo "1487"]
[BlackElo "1478"]
[PlyCount "86"]
[EventDate "2015.??.??"]

1. Nf3 d5 2. g3 c5 3. Bg2 e6 4. d3 Nf6 5. O-O Be7 6. b3 O-O 7. Bb2 Nc6 8. e3 b5
9. Nbd2 Qc7 10. c4 Rb8 11. cxb5 Rxb5 12. Qe2 Ba6 13. Rfc1 Rc8 14. Qe1 Rbb8 15.
Bf1 Rd8 16. Ba3 Qa5 17. Bb2 Qb6 18. Qd1 d4 19. exd4 cxd4 20. Nc4 Qb5 21. Bg2
Bc5 22. Qc2 Nb4 23. Qd1 Bb7 24. a3 Nc6 25. b4 Be7 26. Qe1 Ne8 27. Qe2 a5 28.
bxa5 Nxa5 29. Nxa5 Qxa5 30. Bxd4 Bxf3 31. Qxf3 Rxd4 32. Qe3 Bf6 33. a4 Rxa4 34.
Rxa4 Qxa4 35. Bc6 Qa6 36. d4 Nd6 37. Qf4 Rd8 38. d5 exd5 39. Bxd5 Qa5 40. Qf3
Ne8 41. Bb3 Nc7 42. Qc6 Qe5 43. Qxc7 Qxc7 1/2-1/2

[Event "Amager Aabne Klubmesterskab G2 2015"]
[Site "Sundbyoster"]
[Date "2015.03.03"]
[Round "4"]
[White "Larsen, Ulrik Jejlskov"]
[Black "Sorensen, Ole"]
[Result "1/2-1/2"]
[WhiteElo "1655"]
[BlackElo "1711"]
[PlyCount "37"]
[EventDate "2015.??.??"]

1. d4 d5 2. Nf3 Nf6 3. e3 Bf5 4. c4 e6 5. Qb3 Qc8 6. Nc3 c6 7. Be2 h6 8. c5
Nbd7 9. Bd2 Ne4 10. O-O Be7 11. Qd1 Qc7 12. Nxe4 Bxe4 13. Bc3 O-O 14. Bd3 f5
15. b4 Nf6 16. Ne5 Bxd3 17. Qxd3 Ne4 18. Bb2 Kh7 19. f4 1/2-1/2

[Event "Amager Aabne Klubmesterskab G2 2015"]
[Site "Sundbyoster"]
[Date "2015.03.03"]
[Round "4"]
[White "Pedersen, Thorben Landstrom"]
[Black "Pedersen, Ole"]
[Result "1-0"]
[WhiteElo "1504"]
[BlackElo "1443"]
[PlyCount "73"]
[EventDate "2015.??.??"]

1. e4 e6 2. d4 d5 3. exd5 exd5 4. Bd3 Nc6 5. Ne2 Bg4 6. c3 Bd6 7. f3 Be6 8. Bf4
Nge7 9. Bxd6 Qxd6 10. Qc2 g6 11. Nd2 Bf5 12. O-O O-O-O 13. Ng3 Bxd3 14. Qxd3 h5
15. Ne2 Nf5 16. Rfe1 h4 17. f4 Rde8 18. Qh3 Kb8 19. Nf3 Ne3 20. Rac1 Qf6 21.
Ne5 Nxe5 22. fxe5 Qg5 23. Qf3 c6 24. Nf4 Nf5 25. Nh3 Qd2 26. Rb1 Re7 27. Nf4
Qc2 28. e6 g5 29. Nd3 fxe6 30. Rbc1 Qa4 31. Qe2 Ree8 32. Qe5+ Kc8 33. Nc5 Qa5
34. Nxe6 Nh6 35. Qxg5 Qxa2 36. Qe5 Qa5 37. Ra1 1-0

[Event "Amager Aabne Klubmesterskab G2 2015"]
[Site "Sundbyoster"]
[Date "2015.03.17"]
[Round "5"]
[White "Pedersen, Ole"]
[Black "Mielow, Bjarne"]
[Result "1-0"]
[WhiteElo "1443"]
[BlackElo "1487"]
[PlyCount "43"]
[EventDate "2015.??.??"]

1. d4 Nf6 2. Bf4 g6 3. Nf3 d6 4. Nc3 a6 5. e4 Bg7 6. Qd2 O-O 7. Bh6 b5 8. Bxg7
Kxg7 9. a3 Bb7 10. Bd3 Nbd7 11. h4 c5 12. d5 c4 13. Be2 h5 14. Nh2 Rh8 15. g4
hxg4 16. Nxg4 Qb6 17. Qe3 Qxe3 18. Nxe3 Rh6 19. O-O-O Rah8 20. Rdg1 Rxh4 21.
Nf5+ Kf8 22. Rxh4 1-0

[Event "Amager Aabne Klubmesterskab G2 2015"]
[Site "Sundbyoster"]
[Date "2015.03.17"]
[Round "5"]
[White "Kibenich, Michael"]
[Black "Larsen, Ulrik Jejlskov"]
[Result "1-0"]
[WhiteElo "1478"]
[BlackElo "1655"]
[PlyCount "27"]
[EventDate "2015.??.??"]

1. d4 Nf6 2. c4 c5 3. dxc5 Na6 4. Nf3 g6 5. Nc3 Nxc5 6. b4 Bg7 7. bxc5 Ne4 8.
Nxe4 Bxa1 9. Bh6 Qa5+ 10. Bd2 Qxa2 11. g3 b6 12. Bg2 bxc5 13. Nc3 Qa3 14. Nb5
1-0

[Event "Amager Aabne Klubmesterskab G2 2015"]
[Site "Sundbyoster"]
[Date "2015.03.17"]
[Round "5"]
[White "Sorensen, Ole"]
[Black "Petersen, Christian Skibsted"]
[Result "1/2-1/2"]
[WhiteElo "1711"]
[BlackElo "1685"]
[PlyCount "47"]
[EventDate "2015.??.??"]

1. d4 Nf6 2. c4 g6 3. Nf3 Bg7 4. g3 d6 5. Bg2 O-O 6. Nc3 Nbd7 7. O-O e5 8. Qc2
Qe7 9. Rd1 c6 10. b3 e4 11. Ng5 d5 12. cxd5 cxd5 13. Nb5 Qb4 14. a4 Qa5 15. Ba3
Rd8 16. Nd6 Rf8 17. Ngxf7 Rxf7 18. Nxc8 Ng4 19. Bh3 Nxf2 20. Ne7+ Rxe7 21. Kxf2
Rf7+ 22. Kg1 Qb6 23. e3 Bf8 24. Bxd7 1/2-1/2

[Event "Amager Aabne Klubmesterskab G2 2015"]
[Site "Sundbyoster"]
[Date "2015.03.24"]
[Round "6"]
[White "Larsen, Ulrik Jejlskov"]
[Black "Petersen, Christian Skibsted"]
[Result "1/2-1/2"]
[WhiteElo "1655"]
[BlackElo "1685"]
[PlyCount "29"]
[EventDate "2015.??.??"]

1. d4 Nf6 2. Nf3 g6 3. c4 Bg7 4. Nc3 d5 5. cxd5 Nxd5 6. e4 Nxc3 7. bxc3 c5 8.
Bc4 Nc6 9. Bb2 O-O 10. O-O Bg4 11. h3 Bxf3 12. Qxf3 cxd4 13. Rad1 e5 14. Bd5
Qb6 15. Ba3 1/2-1/2

[Event "Amager Aabne Klubmesterskab G2 2015"]
[Site "Sundbyoster"]
[Date "2015.03.24"]
[Round "6"]
[White "Pedersen, Thorben Landstrom"]
[Black "Sorensen, Ole"]
[Result "1/2-1/2"]
[WhiteElo "1504"]
[BlackElo "1711"]
[PlyCount "58"]
[EventDate "2015.??.??"]

1. e4 e6 2. d4 d5 3. exd5 exd5 4. Bd3 Nc6 5. Ne2 Bd6 6. c3 Bg4 7. f3 Bh5 8. Bf4
Nge7 9. Bxd6 Qxd6 10. O-O O-O-O 11. b4 Rde8 12. a4 Bg6 13. a5 Nf5 14. Bxf5+
Bxf5 15. Ng3 Bg6 16. Na3 Qf4 17. Qc1 Qe3+ 18. Kh1 Qxc1 19. Raxc1 Re3 20. Rfe1
Rhe8 21. Rxe3 Rxe3 22. Kg1 Nxd4 23. Kf2 Nb3 24. Kxe3 Nxc1 25. Nb5 a6 26. Nd4
Nd3 27. Ngf5 Ne5 28. Ne7+ Kd7 29. Nxd5 Kd6 1/2-1/2

[Event "Amager Aabne Klubmesterskab G2 2015"]
[Site "Sundbyoster"]
[Date "2015.03.24"]
[Round "6"]
[White "Kibenich, Michael"]
[Black "Pedersen, Ole"]
[Result "0-1"]
[WhiteElo "1478"]
[BlackElo "1443"]
[PlyCount "48"]
[EventDate "2015.??.??"]

1. d4 e6 2. c4 f5 3. d5 e5 4. e4 Bb4+ 5. Bd2 Bxd2+ 6. Nxd2 d6 7. exf5 Bxf5 8.
Qf3 Ne7 9. Bd3 O-O 10. Bxf5 Nxf5 11. Ne2 a5 12. O-O Nd7 13. Ne4 Qe8 14. Rfe1
Qg6 15. N2g3 Nd4 16. Qc3 b6 17. Rad1 Nf6 18. f4 Qg4 19. Nxf6+ Rxf6 20. fxe5
dxe5 21. Rd3 Raf8 22. Rde3 Nf5 23. Nxf5 Rxf5 24. Re4 Qxe4 0-1

[Event "Amager Aabne Klubmesterskab G2 2015"]
[Site "Sundbyoster"]
[Date "2015.04.07"]
[Round "7"]
[White "Petersen, Christian Skibsted"]
[Black "Pedersen, Thorben Landstrom"]
[Result "0-1"]
[WhiteElo "1685"]
[BlackElo "1504"]
[PlyCount "88"]
[EventDate "2015.??.??"]

1. d4 d5 2. Nf3 e6 3. Bf4 Bd6 4. Bg3 Bxg3 5. hxg3 Nf6 6. e3 c5 7. c3 cxd4 8.
exd4 Qb6 9. Qc2 Bd7 10. Nbd2 Bb5 11. Qb3 Bxf1 12. Qxb6 axb6 13. Nxf1 O-O 14.
Ne3 b5 15. Ne5 Nc6 16. Nd3 b6 17. f3 Rfe8 18. f4 Ne4 19. g4 f6 20. a3 e5 21.
Nxd5 exd4 22. Nc7 Ng3+ 23. Nxe8 Rxe8+ 24. Kd2 Nxh1 25. Rxh1 dxc3+ 26. Kxc3 Re4
27. b4 Rc4+ 28. Kd2 Nd4 29. Rh5 g6 30. Rd5 Kf7 31. Rd7+ Ke6 32. Rxh7 Kd6 33.
Rg7 Kd5 34. Rxg6 Rc2+ 35. Kd1 Ke4 36. Ne1 Ra2 37. Nf3 Kd3 38. Ke1 Ke3 39. Kf1
Ra1+ 40. Ne1 Nc2 41. g3 Nxe1 42. Kg1 Nf3+ 43. Kg2 Ra2+ 44. Kf1 Rf2# 0-1